LEADER 00972nam0 22002291i 450 001 UON00183955 005 20231205103144.839 010 $a03-12-88980-1 100 $a20030730d1985 |0itac50 ba 101 $aeng 102 $aUS 105 $a|||| 1|||| 200 1 $aWorking-class patients and the medical establishment$eself-help in Britain fro m the mid-nineteenth century to 1948$fDavid G. Green; 210 $aNew York$cSt. Martin 's Press$d1985 - X,211 p. ; 22 cm 606 $aGRAN BRETAGNA$xSanità$xSec. 20.$3UONC035667$2FI 700 1$aGREEN$bDavid G.$3UONV106490$064964 801 $aIT$bSOL$c20240220$gRICA 899 $aSIBA - SISTEMA BIBLIOTECARIO DI ATENEO$2UONSI 912 $aUON00183955 950 $aSIBA - SISTEMA BIBLIOTECARIO DI ATENEO$dSI III STORIAEUR D A 1477 $eSI SC 20707 5 1477 996 $aWorking-class patients and the medical establishment$91287380 997 $aUNIOR LEADER 02963nam 22005415 450 001 9910483750103321 005 20250701050218.0 010 $a3-030-57811-9 024 7 $a10.1007/978-3-030-57811-4 035 $a(CKB)4100000011392423 035 $a(MiAaPQ)EBC6313416 035 $a(DE-He213)978-3-030-57811-4 035 $a(PPN)258062207 035 $a(EXLCZ)994100000011392423 100 $a20200819d2021 u| 0 101 0 $aeng 135 $aurcnu|||||||| 181 $ctxt$2rdacontent 182 $cc$2rdamedia 183 $acr$2rdacarrier 200 10$aAdvances in Networked-Based Information Systems $eThe 23rd International Conference on Network-Based Information Systems (NBiS-2020) /$fedited by Leonard Barolli, Kin Fun Li, Tomoya Enokido, Makoto Takizawa 205 $a1st ed. 2021. 210 1$aCham :$cSpringer International Publishing :$cImprint: Springer,$d2021. 215 $a1 online resource (639 pages) 225 1 $aAdvances in Intelligent Systems and Computing,$x2194-5365 ;$v1264 311 1 $a3-030-57810-0 330 $aThis book aims to provide the latest research findings, innovative research results, methods, and development techniques from both theoretical and practical perspectives related to the emerging areas of information networking and their applications. The networks and information systems of today are evolving rapidly. There are new trends and applications in information networking such as wireless sensor networks, ad hoc networks, peer-to-peer systems, vehicular networks, opportunistic networks, grid and cloud computing, pervasive and ubiquitous computing, multimedia systems, security, multi-agent systems, high-speed networks, and web-based systems. These kinds of networks need to manage the increasing number of users, provide support for different services, guarantee the QoS, and optimize the network resources. For these networks, there are many research issues and challenges that should be considered and find solutions. 410 0$aAdvances in Intelligent Systems and Computing,$x2194-5365 ;$v1264 606 $aComputational intelligence 606 $aArtificial intelligence 606 $aComputational Intelligence 606 $aArtificial Intelligence 615 0$aComputational intelligence. 615 0$aArtificial intelligence. 615 14$aComputational Intelligence. 615 24$aArtificial Intelligence. 676 $a004.6 702 $aBarolli$b Leonard$4edt$4http://id.loc.gov/vocabulary/relators/edt 702 $aLi$b Kin F.$4edt$4http://id.loc.gov/vocabulary/relators/edt 702 $aEnokido$b Tomoya$4edt$4http://id.loc.gov/vocabulary/relators/edt 702 $aTakizawa$b Makoto$4edt$4http://id.loc.gov/vocabulary/relators/edt 801 0$bMiAaPQ 801 1$bMiAaPQ 801 2$bMiAaPQ 906 $aBOOK 912 $a9910483750103321 996 $aAdvances in networked-based information systems$92834099 997 $aUNINA